000 01001nam a2200229Ia 4500
001 21630
005 20260416143630.0
008 260320s9999||||xx |||||||||||||| ||und||
041 _aESP
082 _a658.3
_bR47 P. 2
100 _aReyes Ponce, Agustín,
_eAUT
245 0 _aAdministración de Personal. Segunda parte :
_bsueldos y salarios
250 _aPrimera edición, decimaprimera reimpresión
260 _a[Lugar de publicación no identificado] :
_b[Editor no identificado],
_c[Fecha de publicación no identificada]
300 _a239 páginas :
_bcuadros ;
_c21 cm.
650 _aTCA
653 _aAdministración de personal; Gestión de personal; Salarios
654 _aCAN
856 _uhttps://0u213wqyq-y-https-ebooks7--24-com.itmsp.museknowledge.com/biblioteca.aspx
_zVéase además: Base de datos Ebook7-24
856 _uhttps://0u20fwqys-y-https-research-ebsco-com.itmsp.museknowledge.com/c/qxo6us/search
_zVéase además: Base de datos EBSCOhost
942 _cLIB
_dJUS
_fMAT
_2ddc
999 _c21630
_d21630